| 000 | 00759nam a2200205Ia 4500 | ||
|---|---|---|---|
| 005 | 20241129110153.0 | ||
| 008 | 241129s9999||||xx |||||||||||||| ||und|| | ||
| 037 | _aTB | ||
| 040 |
_aARTS _bpun _cARTS |
||
| 041 |
_apun _2pun |
||
| 084 |
_aMY2143wN05 153R3 _qARTS |
||
| 100 | _aਗਿੱਲ, ਨਵਦੀਪ ਸਿੰਘ, ਚ। | ||
| 245 | 0 |
_aਹਾਕੀ ਦਾ ਜਾਦੂਗਰ: ਧਿਆਨ ਚੰਦ _cਗਿੱਲ, ਨਵਦੀਪ ਸਿੰਘ, ਚ। |
|
| 260 |
_aਚੰਡੀਗੜ੍ਹ, ਭਾਰਤ _bਚੰਡੀਗੜ੍ਹ ਯੂਨੀਸਟਾਰ _c2022 |
||
| 300 | _a40ਪ੍ਰ0 | ||
| 365 |
_aINR _b120 |
||
| 650 |
_aUseful ArtsPhysical Education _9726683 |
||
| 942 |
_cTB _hMY2143wN05 153R3 |
||
| 999 |
_c1227586 _d1227586 |
||